[Event "SS Manhem Chess Week-GM 2018"]
[Site "Gothenburg"]
[Date "2018.08.14"]
[Round "5"]
[White "Sammalvuo, Tapani"]
[Black "Brynell, Stellan"]
[Result "1/2-1/2"]
[WhiteElo "2411"]
[BlackElo "2391"]
[Annotator "TA"]
[PlyCount "109"]
[EventDate "2018.08.11"]
[EventCountry "SWE"]
[SourceTitle "playchess.com"]
[Source "ChessBase"]
[SourceQuality "1"]

{[%evp 22,109,29,26,35,35,27,30,41,31,49,54,48,28,48,39,84,46,66,52,58,41,90,77,101,58,101,47,49,40,45,45,39,2,52,43,276,270,264,283,258,180,191,196,224,207,218,209,215,206,200,102,104,40,40,0,0,0,0,0,8,0,22,0,0,0,0,0,0,0,0,0,0,0,0,0,0,0,0,0,0,0,0,0,0,0,0,0,0,0]} 1. d4 {Krasenkow,M} Nf6 2. c4 e6 3. Nf3 b6 4. g3 Bb7 5. Bg2 Be7 6. O-O O-O 7. Re1 c5 8. d5 {E17: Damenindisch (Hauptfortsetzung)} exd5 9. Nh4 Ne4 10. cxd5 Bxh4 11. Bxe4 Bf6 12. Nc3 {LiveBook: 53 Partien} d6 13. Qc2 $146 ({Vorgänger:} 13. Bg2 Nd7 14. Bf4 Qe7 15. Qc2 h6 {0-1 (64) Le,Q (2694)-Nakamura,H (2733) Khanty-Mansiysk 2010 CBM 139 [Krasenkow,M]}) 13... h6 14. Bf4 a6 15. Bg2 Qe7 16. Rad1 Nd7 17. Bd2 b5 18. Ne4 Rfe8 19. Nxf6+ Nxf6 20. e4 {[%cal Be2e4,Be4e5,Be5e6][%mdl 32]} b4 21. e5 Nd7 22. f4 Rad8 23. e6 Nb6 24. f5 (24. Bc1 $16) 24... Bxd5 $14 25. Bxd5 Nxd5 {[#]} 26. Bxh6 $1 {[%mdl 512]} Nc7 (26... gxh6 27. Rxd5) 27. Re4 Qf6 ({Nicht} 27... fxe6 $2 28. Rg4 $18) 28. exf7+ Qxf7 $2 {[#]} (28... Kxf7 $14 29. Bf4 Rxe4 30. Qxe4 Kg8) 29. Rg4 $1 $18 {[%cal Rg4g7]} Qh5 30. Rxg7+ Kh8 {zielt auf ...Te2 ab.} 31. f6 {[%csl Gg7][%cal Rc2h7]} Qxh6 32. Rxc7 Qe3+ 33. Kg2 {[%csl Gc7][%cal Rc2h7]} Qe2+ 34. Qxe2 Rxe2+ {[%mdl 4096] Endspiel KTT-KTT} 35. Kh3 {Schwarz muss nun Td5 beachten.} Rf2 36. Rd5 (36. Rxc5 $18 Kg8 37. Rc7) 36... Rxf6 $16 37. Rh5+ (37. Rcxc5 $16 {Und Tc4 würde nun gewinnen.} Rf2 38. Rc6) 37... Kg8 $14 38. Rhh7 d5 {Die Stellung ist ausgeglichen.} 39. Rcg7+ Kf8 40. Rc7 {[%cal Rh7h8]} Kg8 41. Rhg7+ Kf8 42. g4 d4 43. g5 Rf1 44. g6 d3 45. Rh7 {[%cal Rh7h8]} Kg8 46. Rcg7+ Kf8 47. Re7 {Weiss will mit g7+ Matt setzen.} Kg8 48. Rhg7+ Kf8 {Und weiter mit ...d2 wäre nett.} 49. Rh7 {Weiss droht g7+ und Matt.} Kg8 50. Reg7+ Kf8 51. Ra7 {[%cal Rh7h8]} Kg8 52. Rhg7+ Kf8 53. Rh7 {[%cal Rh7h8]} Kg8 54. Rhg7+ Kf8 55. Rh7 {Precision: Weiß = 55%, Schwarz = 53%.} 1/2-1/2

[Event "SS Manhem Chess Week-GM 2018"]
[Site "Gothenburg"]
[Date "2018.08.15"]
[Round "6"]
[White "Johansson, Linus"]
[Black "Christiansen, Johan-Sebastian"]
[Result "1/2-1/2"]
[WhiteElo "2457"]
[BlackElo "2515"]
[Annotator "TA"]
[PlyCount "25"]
[EventDate "2018.08.11"]
[EventCountry "SWE"]
[SourceTitle "playchess.com"]
[Source "ChessBase"]
[SourceQuality "1"]

{[%evp 24,25,0,0]} 1. Nf3 c5 2. c4 Nc6 3. Nc3 g6 4. e3 Nf6 5. d4 cxd4 6. exd4 d5 7. cxd5 Nxd5 8. Qb3 e6 9. Bg5 {A35: Symmetrical English: 2 Nc3 Nc6 3 Nf3} (9. Bb5 Bg7 10. O-O O-O 11. Bxc6 bxc6 12. Re1 Qd6 13. Ne4 Qb4 14. Qc2 a5 15. a3 Qb6 16. Nc5 Re8 17. Ne5 f6 {1-0 (33) Giri,A (2752)-Mamedyarov,S (2804) Wijk aan Zee 2018}) 9... Be7 10. Bh6 Bf8 11. Bg5 $146 ({Predecessor:} 11. Bxf8 Kxf8 12. Bb5 Nce7 13. O-O Kg7 14. Rac1 Rf8 {½-½ (50) Jones,G (2660)-Saric,I (2632) Linares 2017}) 11... Be7 12. Bh6 Bf8 13. Bg5 {LiveBook: 114 Games} 1/2-1/2

[Event "SS Manhem Chess Week-GM 2018"]
[Site "Gothenburg"]
[Date "2018.08.15"]
[Round "6"]
[White "Sammalvuo, Tapani"]
[Black "Golubka, Petro"]
[Result "1-0"]
[WhiteElo "2411"]
[BlackElo "2478"]
[Annotator "TA"]
[PlyCount "125"]
[EventDate "2018.08.11"]
[EventCountry "SWE"]
[SourceTitle "playchess.com"]
[Source "ChessBase"]
[SourceQuality "1"]

{[%evp 10,125,16,16,18,27,17,0,0,0,8,0,2,13,8,14,21,31,48,46,44,53,44,45,38,47,91,83,90,103,99,88,95,68,140,123,111,82,99,33,43,44,77,64,113,113,104,104,143,135,195,204,198,198,198,170,163,139,139,143,143,143,168,135,162,133,167,139,166,156,137,136,135,138,139,112,121,121,122,122,133,118,107,108,140,139,139,139,168,154,166,154,161,157,145,144,190,190,271,183,239,237,251,245,236,161,315,304,303,283,287,287,448,420,518,516,1139,672]} 1. d4 Nf6 2. c4 e6 3. Nc3 Bb4 4. e3 d5 5. a3 Be7 6. Nf3 {LiveBook: 60 Games} b6 {E40: Nimzo-Indian: Rubinstein (4 e3): Unusual Black 4th moves} (6... O-O 7. b4 c6 8. Rb1 Nbd7 9. Be2 a5 10. O-O axb4 11. axb4 dxc4 12. Bxc4 Nd5 13. Nxd5 cxd5 14. Bd3 Bd6 15. Bd2 {½-½ (43) Aleksandrov,A (2596)-Stupak,K (2557) Minsk 2015}) 7. cxd5 exd5 8. Qa4+ $146 ({Predecessor:} 8. b4 c6 9. Ne5 O-O 10. Bd3 Bb7 11. Bb2 Re8 12. Ne2 Nbd7 13. Qc2 {1-0 (33) Del Rio de Angelis,S (2495)-Collas,S (2381) Salou 2005}) 8... c6 {The position is equal.} 9. Ne5 Bb7 10. Be2 {[%cal Bf1e2,Be2f3,Bf3e4][%mdl 32]} O-O 11. O-O a6 12. Bf3 $36 {[%mdl 2048] White is pushing.} Bd6 13. e4 Bxe5 14. dxe5 Nfd7 15. exd5 {Black must now prevent Qf4.} Nxe5 16. Be4 cxd5 17. Rd1 b5 18. Qc2 {[%cal Rc3d5]} dxe4 19. Rxd8 Rxd8 20. Bg5 Rc8 21. Qe2 {[%mdl 1024] White has strong compensation.} Rc4 (21... Nbd7 $14) 22. Rd1 {[%cal Rd1d8]} Nbd7 23. Nd5 h6 {Threatens to win with ...Bxd5.} 24. Be3 (24. Ne7+ $16 Kf8 25. Bh4) 24... Re8 $1 $14 25. b3 Rcc8 26. Nf4 Nc5 27. Bxc5 Rxc5 28. Qe3 $1 {[%cal Re3c5]} Rec8 {[#]} 29. h3 $1 Nd3 (29... R5c7 $16 {was necessary.} 30. Rd6 Rd7 31. Rxd7 Nxd7) 30. Nxd3 $18 exd3 31. Rxd3 Bd5 32. Qd4 Be6 33. Rg3 {[%csl Gg3][%cal Rd4g7]} g6 34. Kh2 Kh7 35. Re3 R5c6 36. Qb4 Rc5 37. Qa5 R5c6 38. Rd3 Bf5 39. Rf3 Be6 40. Re3 Rd6 41. Qb4 Rcd8 42. Qc3 R8d7 43. b4 Rd8 44. Qe5 Rd3 45. Qg3 Bc4 46. Qf4 Rxe3 47. Qxe3 $16 {[%mdl 4096] Endgame KQ-KRB} Rd3 48. Qc1 Be6 {[#]} 49. f3 $1 Rb3 50. Kg3 Rd3 51. Kf4 Bc4 52. Ke4 Rb3 53. Kd4 Be6 (53... h5 $142 54. Kc5 Rd3) 54. Qa1 Kg8 (54... Bc4 $142 55. Kc5 Rd3) 55. Kc5 $18 Rd3 56. Kb6 Rd6+ 57. Kc7 Rd3 $2 (57... Rd7+ 58. Kb6 Rd6+ 59. Ka5 Bc4) 58. Kb7 Rd6 59. Qe5 Rd3 60. Kxa6 Bd7 (60... Bc4 {was worth a try.} 61. Qb2 Rd1) 61. Kb6 h5 62. Kc7 Rd2 (62... Kh7 $142 63. a4 bxa4) 63. Qe7 {Precision: White = 70%, Black = 40%.} 1-0

[Event "SS Manhem Chess Week-GM 2018"]
[Site "Gothenburg"]
[Date "2018.08.15"]
[Round "6"]
[White "Schneider, Stefan"]
[Black "Vestby-Ellingsen, Mads"]
[Result "0-1"]
[WhiteElo "2399"]
[BlackElo "2409"]
[Annotator "TA"]
[PlyCount "122"]
[EventDate "2018.08.11"]
[EventCountry "SWE"]
[SourceTitle "playchess.com"]
[Source "ChessBase"]
[SourceQuality "1"]

{[%evp 16,122,24,16,34,-20,42,39,56,38,33,0,0,0,16,12,32,19,32,34,29,0,-4,-22,63,37,46,31,45,-14,-14,-10,-17,-15,-2,0,-7,-45,15,17,51,57,42,49,60,77,106,109,103,0,133,49,129,127,172,75,80,25,432,53,283,271,252,-17,-17,-16,-10,-22,-8,-391,-387,-384,-384,-3492,-384,-366,-358,-402,-368,-943,-894,-709,-627,-690,-591,-548,-509,-29982,-29980,-29977,-29981,-29981,-29982,-29982,-29983,-29983,-29984,-29981,-29977,-29976,-29976,-29977,-29978,-29977,-29978,-29971,-5784,-29977,-29978]} 1. d4 Nf6 2. Nf3 g6 3. c4 Bg7 4. e3 O-O 5. Be2 d6 6. O-O Nbd7 7. Nc3 e5 8. Qc2 Re8 9. Re1 {LiveBook: 4 Games. E61: King's Indian: Early deviations for White, including Smyslov System} (9. Rd1 e4 10. Nd2 Qe7 11. f4 Nf8 12. a4 h5 13. h3 Bf5 14. a5 b6 15. a6 N8h7 16. Nb3 Ng4 17. d5 Qh4 18. Bxg4 Bxg4 19. Ne2 Ng5 20. Rf1 Nf3+ 21. Rxf3 exf3 {0-1 (21) Michalik,P (2546)-Van Wely,L (2663) Germany 2018}) 9... Nf8 10. b4 (10. dxe5 $14 dxe5 11. b3) 10... e4 (10... a5 $11) 11. Nd2 $1 $14 {[%cal Rd2e4] White is slightly better.} Bf5 12. Bb2 $146 ({Predecessor:} 12. c5 d5 13. a4 Ne6 14. Bb2 Nxd4 15. exd4 {0-1 (36) Furmam,F (1655)-Goncalves,R (1930) Sao Bento do Sul 2014}) 12... h5 13. d5 a6 14. Nb3 h4 15. Nd4 Bc8 16. h3 N8h7 17. Rad1 g5 18. c5 Qe7 19. cxd6 cxd6 (19... Qxd6 $11 20. Rb1 Qxb4) 20. b5 g4 21. hxg4 Nxg4 22. bxa6 (22. Nxe4 $14 Qxe4 23. Bd3) 22... h3 $1 $11 {[%cal Rh3h2]} 23. Bxg4 ({Much weaker is} 23. gxh3 Nxf2 24. Bb5 (24. axb7 $2 Nxh3+ 25. Kf1 Qg5 $19) 24... Nxd1 $15) 23... Bxg4 24. f3 exf3 25. gxf3 Bh5 {White must now prevent ...Ng5.} 26. axb7 Rab8 ({Black should try} 26... Qxb7 $15 27. Kh2 Be5+ 28. f4 Bxd1 29. Rg1+ Kh8 30. Nxd1 Bf6) 27. Ne4 {Nf5 is the strong threat.} Ng5 28. Nxg5 $1 Qxg5+ 29. Kh1 Bg6 30. e4 Rxb7 {And now ...Qg2+! would win.} 31. Rg1 Qh5 32. Rdf1 ({Better is} 32. Rd3 $16) 32... Kh7 (32... Ra8 $1 $11 {keeps the balance.}) 33. Nb3 (33. Bc3 $1 $16) 33... Be5 (33... Bxb2 $1 $14 34. Qxb2 f5) 34. Bxe5 $16 Rxe5 35. Qc8 (35. Qd2 $18 {is more deadly.}) 35... Ra7 36. Rg3 (36. Rf2 $16) 36... f5 $2 {[%mdl 8192]} (36... Rxa2 $11 37. Nd4 (37. Qxh3 f5 $11) (37. Rxh3 Rg5 $16) 37... Rg5 38. Rxg5 Qxg5 39. Qxh3+ Qh6 40. Qxh6+ Kxh6) 37. Rf2 $2 (37. Nd4 $18) 37... Re8 $2 (37... fxe4 $14 38. Rxh3 Qxh3+ 39. Qxh3+ Rh5 40. Qxh5+ Bxh5) 38. Qc1 $1 $18 fxe4 39. Kh2 $2 (39. Rh2 $18 Bf5 40. Qg1) 39... e3 $11 40. Re2 $1 Qe5 41. Qc4 Rg7 {aiming for ...Qxg3+!} 42. Qd4 $2 {[%mdl 8192] [#]} (42. f4 $11 Qf5 43. Rexe3) 42... Qxg3+ $1 $19 {[%mdl 512]} 43. Kxg3 Bd3+ $1 44. Qxg7+ Kxg7 {[%mdl 4096] Endgame KRB-KRN} 45. Re1 {[#]} Kf6 $1 46. Kxh3 {[#]} Kf5 $1 47. Nd4+ $2 (47. Rg1) 47... Kf4 48. Kg2 Rg8+ 49. Kh2 Bc4 50. a4 Bxd5 51. Nc2 (51. Rg1 $19 Rh8+ 52. Kg2) 51... Rh8+ 52. Kg1 Bxf3 {[%csl Gf3][%cal Rh8h1]} 53. Rxe3 Rh1+ 54. Kf2 Rh2+ 55. Ke1 Rxc2 {KRB-KR} 56. Ra3 Bd5 57. Rd3 Ke5 58. Re3+ Kd4 59. Rh3 Ra2 60. Rh6 Kc5 (60... Ke3 $142 61. Kd1 Be4 62. Rh3+ Bf3+ 63. Kc1 d5 64. Kb1 Rxa4 65. Kb2 d4 66. Rh4 Rb4+ 67. Ka3 Rb6 68. Ka4 d3 69. Rh8 Bc6+ 70. Ka5 Rb5+ 71. Ka6 d2 72. Rh3+ Kd4 73. Rh4+ Kc5 74. Rh5+ Bd5 75. Rxd5+ Kxd5 76. Kxb5 d1=Q 77. Kb6 Kd6 78. Kb5 Qb3+ 79. Ka6 Kc6 80. Ka7 Qb7#) 61. Rh4 Bc4 {Precision: White = 30%, Black = 41%.} 0-1

[Event "SS Manhem Chess Week-GM 2018"]
[Site "Gothenburg"]
[Date "2018.08.15"]
[Round "7"]
[White "Christiansen, Johan-Sebastian"]
[Black "Sammalvuo, Tapani"]
[Result "1-0"]
[WhiteElo "2515"]
[BlackElo "2411"]
[Annotator "TA"]
[PlyCount "105"]
[EventDate "2018.08.11"]
[EventCountry "SWE"]
[SourceTitle "playchess.com"]
[Source "ChessBase"]
[SourceQuality "1"]

{[%evp 22,105,36,13,33,13,25,5,2,-16,0,-9,0,0,0,0,0,0,0,-22,0,0,0,0,7,0,12,0,20,19,29,33,39,0,231,231,230,217,223,0,214,216,223,111,105,114,104,98,119,105,113,0,113,107,112,84,89,0,98,97,89,114,123,127,122,0,423,93,81,68,146,148,383,372,455,429,390,146,264,260,479,466,29995,29996,29996,29997]} 1. d4 Nf6 2. c4 e6 3. Nc3 Bb4 4. Qc2 c5 5. dxc5 O-O 6. a3 Bxc5 7. Nf3 b6 8. Bf4 Bb7 9. Rd1 Nc6 10. b4 {E39: Nimzo-Indian: Classical: 4...c5 5 dxc5 0-0} (10. e3 h6 11. Be2 Nh5 12. Bd6 Bxd6 13. Rxd6 Qe7 14. Qd2 Nf6 15. O-O Na5 16. b4 Nb3 17. Qd3 e5 18. Rxf6 {1-0 (36) Akobian,V (2647)-Gagare,S (2494) Caleta 2018}) 10... Be7 11. e4 Nh5 12. Bc1 {[%cal Bf4c1,Bc1b2,Bb2e5][%mdl 32] LiveBook: 21 Games. White is slightly better.} Qc7 13. Be2 Rad8 $146 ({Predecessor:} 13... Rfd8 14. O-O Nf4 15. e5 Ng6 16. Nb5 Qb8 17. Nd6 Ncxe5 18. Nxb7 Qxb7 19. Nxe5 Nxe5 {1-0 (30) Rawlings,A (2411)-Heide,E (2314) ICCF email 2014}) 14. O-O Nf4 15. Bb2 a5 16. Nb5 Qb8 17. bxa5 Nxa5 18. Be5 Nxe2+ 19. Qxe2 d6 20. Bb2 Qc8 21. Nd2 Ba6 22. a4 (22. Qg4 e5 $17) 22... Rfe8 23. Bd4 Qc6 24. Rb1 (24. Qg4 e5 $15) 24... Rd7 25. Rfc1 $40 {[%mdl 128] White mounts an attack.} Ra8 26. Qg4 {[%csl Gd4][%cal Rg4g7]} g6 27. Rc3 f5 $2 (27... h5 $11 {and Black is okay.} 28. Qe2 Bd8) 28. exf5 $18 exf5 29. Qe2 $1 {[%cal Re2e6]} Bb7 {[%csl Gb7][%cal Rc6g2]} 30. Qe6+ $1 Kf8 {[%csl Gb7][%cal Rc6g2]} 31. Rf3 $1 Bg5 32. Rxf5+ (32. Re1 $1 $18) 32... gxf5 $16 33. Qxf5+ Rf7 {[%csl Gb7][%cal Rc6g2]} 34. Qxg5 {Hoping for Qh6+.} Re8 35. Qh6+ Kg8 {[%csl Gb7][%cal Rc6g2]} 36. Qg5+ Kf8 37. f3 Nxc4 38. Qh6+ Kg8 39. Qg5+ Kf8 40. Ne4 Rxe4 41. fxe4 Qxe4 42. Rc1 {Strongly threatening Qd8+.} Ne5 43. h3 (43. Bxb6 $6 h6 $14) (43. Kh1 $1 $16 h6 44. Qxh6+ Kg8 45. Rg1) 43... Qf4 $2 {[%mdl 8192]} (43... h6 $1 $11 {and Black stays safe.} 44. Qd8+ (44. Qxh6+ $2 Kg8 $19) 44... Kg7 45. Bxe5+ Qxe5) 44. Qxf4 $2 (44. Qd8+ $18 Kg7 45. Re1 (45. Rc7 $2 {leads to mate.} Qf1+ 46. Kh2 Qxg2#) 45... Bxg2 46. Qxd6) 44... Rxf4 45. Rc7 Ba6 ({Better is} 45... Bd5 $14) 46. Be3 Rxa4 $2 (46... Rf7 $16 {was worth a try.}) 47. Nxd6 {Threatens to win with Bh6+.} h5 48. Ra7 Kg8 49. Bg5 $2 (49. Bh6 $1 $18 {and the rest is easy.}) 49... Ra1+ {[#]} (49... Nc6 $16 50. Rc7 Nd4) 50. Kh2 $1 $18 {And now Bf6 would win.} Rd1 $2 {[#]} (50... Nc6 51. Rc7 Nd4) 51. Ne4 $1 {[%cal Re4f6] Nf6+ would kill now.} ({Less strong is} 51. Rxa6 Rxd6 52. Bf4 Re6 $14) 51... Bd3 (51... Nf7 $18 52. Rxa6 Nxg5) 52. Nf6+ Kh8 53. Bh6 {Precision: White = 46%, Black = 39%.} 1-0

[Event "SS Manhem Chess Week-GM 2018"]
[Site "Gothenburg"]
[Date "2018.08.15"]
[Round "7"]
[White "Golubka, Petro"]
[Black "Brynell, Stellan"]
[Result "1-0"]
[WhiteElo "2478"]
[BlackElo "2391"]
[Annotator "TA"]
[PlyCount "59"]
[EventDate "2018.08.11"]
[EventCountry "SWE"]
[SourceTitle "playchess.com"]
[Source "ChessBase"]
[SourceQuality "1"]

{[%evp 18,59,28,0,42,33,114,97,111,104,115,74,95,85,133,80,137,133,129,99,135,36,257,246,493,432,488,501,568,567,817,854,830,837,825,777,29969,29951,5767,6243,1486,5914,3083,2954]} 1. d4 Nf6 2. c4 e6 3. Nf3 b6 4. a3 Ba6 5. Qc2 c5 6. e4 cxd4 {E12: Queen's Indian: Unusual White 4th moves, 4 a3, 4 Nc3 Bb7 5 a3 and 4 Nc3 Bb7} (6... d5 7. cxd5 Bxf1 8. Kxf1 exd5 9. e5 Ne4 10. Nc3 Nxc3 11. bxc3 Be7 12. h4 Nc6 13. Be3 Rc8 14. Qd3 {1-0 (55) Harsha,B (2445)-Tran,T (2538) Tarvisio 2017}) 7. e5 Ng8 8. Nxd4 Bb7 9. Nc3 Nc6 10. Nf3 {LiveBook: 3 Games} Qb8 $146 ({Predecessor:} 10... Nge7 11. Bf4 Ng6 12. Bg3 Qb8 13. O-O-O Ncxe5 14. Nxe5 Nxe5 {½-½ (52) Gallego Alcaraz,A (2433)-Ruiz Castillo,J (2366) Bagre Antioquia 2014}) 11. Bf4 f6 ({Black should try} 11... Nge7 $14) 12. Qe2 $16 Nge7 13. Bg3 f5 14. O-O-O a6 15. h4 Ng8 16. Qe3 (16. Ng5 $142) 16... Bc5 (16... Qc7 $142) 17. Qg5 Bf8 18. Kb1 $40 {[%mdl 128] White has strong attack.} Nh6 19. Nd5 (19. Qd2 $16 {[%csl Gd1][%cal Rd2d7]} Qc7 20. Be2) 19... exd5 $2 (19... Nd8 $14) 20. cxd5 $18 ({Worse is} 20. e6 d6 $11) 20... Na7 $2 (20... Ne7 {was called for.}) 21. e6 d6 {[#]} 22. e7 $1 {[%mdl 512]} Bxe7 23. Qxg7 Nf7 24. Ng5 Rf8 25. Nxh7 Kd7 26. Bd3 Nh8 27. Rhe1 Qd8 28. Nxf8+ {White is clearly winning.} Qxf8 {[#]} 29. Rxe7+ $1 {[%mdl 512]} Qxe7 30. Bxf5+ {Precision: White = 72%, Black = 15%.} 1-0

[Event "SS Manhem Chess Week-GM 2018"]
[Site "Gothenburg"]
[Date "2018.08.15"]
[Round "7"]
[White "Gritsak, Orest"]
[Black "Schneider, Stefan"]
[Result "1-0"]
[WhiteElo "2464"]
[BlackElo "2399"]
[Annotator "TA"]
[PlyCount "85"]
[EventDate "2018.08.11"]
[EventCountry "SWE"]
[SourceTitle "playchess.com"]
[Source "ChessBase"]
[SourceQuality "1"]

{[%evp 21,85,43,46,21,38,39,53,41,57,49,51,50,77,65,70,58,52,37,60,40,49,33,26,36,51,44,139,140,179,133,147,148,144,139,136,111,111,114,116,106,109,107,146,145,153,153,157,156,141,150,216,205,252,216,207,192,456,447,618,441,1837,1724,1556,1402,1027,819]} 1. d4 Nf6 2. c4 e6 3. Nc3 Bb4 4. Qc2 O-O 5. a3 Bxc3+ 6. Qxc3 b6 7. Bg5 Ba6 8. Qf3 Nc6 {E32: Nimzo-Indian: Classical (4 Qc2): 4...0-0} 9. e3 h6 10. Bxf6 Qxf6 11. Qxf6 gxf6 {LiveBook: 24 Games} 12. Nh3 (12. Nf3 Ne7 13. Be2 Bb7 14. b4 d6 15. O-O Rac8 16. Rfd1 {½-½ (32) Shirov,A (2715)-Gelfand,B (2733) Calatrava 2007}) 12... Ne7 $146 ({Predecessor:} 12... e5 13. d5 Ne7 14. Rd1 d6 15. f4 Bc8 16. Nf2 {½-½ (35) Hort,W (1797)-Meijer,W (1820) IECC email 2003}) 13. Nf4 f5 14. Be2 Bb7 15. f3 a5 16. Kf2 a4 17. Rhg1 f6 18. g4 Kf7 19. gxf5 Nxf5 20. Bd3 Ne7 21. Rg3 Rg8 22. Rh3 c5 23. d5 Rh8 ({Black should try} 23... Ba6 $1 $14) 24. Rg1 $16 f5 25. Rhg3 {[#] Strongly threatening Rg7+.} Rhg8 26. Rxg8 Rxg8 27. Rxg8 Nxg8 28. dxe6+ dxe6 {[%mdl 4096] Endgame [#] KBN-KBN} 29. Ne2 $1 Nf6 30. Nc3 Nd7 31. Nxa4 Kf6 32. b4 cxb4 33. axb4 Bc6 34. Nc3 Ke7 35. f4 Kf6 (35... Kd6 $16 36. e4 fxe4 37. Bxe4 (37. Nxe4+ Bxe4 38. Bxe4 Nb8 $16) 37... Nf8) 36. Be2 $18 e5 37. Bh5 Ke7 38. Bg6 Kf6 $2 (38... Ke6 39. Be8 exf4) 39. Be8 {White is clearly winning.} exf4 40. exf4 Ke7 (40... Nb8 $142 41. Bxc6 Nxc6 42. Nd5+ Ke6) 41. Bxd7 Kxd7 42. Ke3 Kd6 43. Kd4 {Precision: White = 75%, Black = 38%.} 1-0

[Event "SS Manhem Chess Week-GM 2018"]
[Site "Gothenburg"]
[Date "2018.08.15"]
[Round "7"]
[White "Lindberg, Bengt"]
[Black "Rozentalis, Eduardas"]
[Result "0-1"]
[WhiteElo "2416"]
[BlackElo "2503"]
[Annotator "TA"]
[PlyCount "82"]
[EventDate "2018.08.11"]
[EventCountry "SWE"]
[SourceTitle "playchess.com"]
[Source "ChessBase"]
[SourceQuality "1"]

{[%evp 13,82,38,50,12,16,-22,-20,-45,-49,-65,-59,-99,-93,-92,-96,-96,-94,-97,-96,-96,-90,-139,-141,-152,-96,-104,-113,-100,-75,-85,-78,-89,-75,-77,-47,-63,-26,-30,-29,-27,0,-12,0,-52,-36,-22,-23,-27,-57,-58,-58,-58,-58,-72,-68,-99,-82,-90,-92,-107,-61,-120,-119,-126,-116,-115,-105,-267,-246,-622,-618]} 1. e4 c6 2. d4 g6 3. Nc3 d5 4. Nf3 Bg7 5. h3 Nh6 {[%cal Bg8h6,Bh6f7,Bf7d6,Bd6e4][%mdl 32]} 6. Be2 O-O 7. O-O f6 {[%cal Bf7f6,Bf6f5][%mdl 32] LiveBook: 50 Games} 8. Nh2 {B15: Caro-Kann: 3 Nc3: 3...g6 and 3...dxe4 4 Nxe4 Nf6 5 Nxf6+ exf6} (8. Re1 Nf7 9. b3 Re8 10. Bb2 e6 11. Bd3 Nd7 12. Ne2 e5 13. dxe5 fxe5 14. Ng3 d4 15. c3 c5 16. b4 b6 17. Bc4 Nf8 18. Ba3 Be6 19. Bb5 Bd7 20. Bc4 Be6 21. Bb5 Bd7 22. Bc4 Be6 {½-½ (22) Goryachkina,A (2486)-Khotenashvili,B (2476) Riadh 2017}) 8... Nf7 9. exd5 $146 ({Predecessor:} 9. f4 dxe4 10. Nxe4 f5 11. Nf2 Qxd4 12. Qe1 Nd7 13. c3 Qc5 {0-1 (92) Putnik,P-Pejovic,J (2176) Cetinje 2012}) 9... cxd5 10. f4 {The position is equal.} Nc6 11. Bf3 e6 $1 12. Kh1 f5 13. Be3 Nd6 14. Be2 Ne4 15. Nxe4 dxe4 16. c3 Ne7 17. c4 {[#]} b5 $1 {[%mdl 512]} 18. b3 (18. cxb5 Nd5) 18... Bb7 (18... Ba6 $142 19. Qd2 bxc4 20. bxc4 Nc6) 19. Qd2 $17 bxc4 20. bxc4 Qd7 21. Rfd1 Rfd8 22. Rab1 Rac8 23. Qa5 Nc6 24. Qa3 Ba8 {[%cal Rc6d4]} (24... Bf8 $5 {[%cal Rf8a3]} 25. Qa4 Ba8 $15) 25. d5 exd5 26. Rxd5 Qc7 27. Rbd1 $1 Bf8 28. Qb2 ({White should try} 28. Qa4 $11) 28... Nb4 $15 29. Rxd8 Rxd8 30. Rxd8 Qxd8 31. Qe5 Qd6 {And now ...Qxe5 would win.} 32. Qa5 Nc6 33. Qc3 Qb4 $36 {[%mdl 2048] Black has some pressure.} 34. Qc1 Bc5 35. Bxc5 Qxc5 36. Nf1 Qf2 37. Qe3 {[#]} (37. Qd2 $1 $15) 37... Qxe3 $1 $17 38. Nxe3 Nd4 39. Bd1 Kf7 40. g4 $2 {[#]} (40. Kg1 $17 {is a better defense.}) 40... g5 $1 $19 {[%cal Bg6g5,Bg5f4][%mdl 544]} 41. gxf5 $2 (41. fxg5 f4 42. Ng2) 41... gxf4 {Precision: White = 40%, Black = 73%.} 0-1